| 000 | 00640nam a2200229Ia 4500 | ||
|---|---|---|---|
| 003 | OSt | ||
| 005 | 20221007071625.0 | ||
| 006 | a|||||r|||| 00| 0 | ||
| 007 | ta | ||
| 008 | 221006b |||||||| |||| 00| 0 eng d | ||
| 024 | _a20,434 | ||
| 037 | _cTextual | ||
| 040 |
_aFLL _cFLL _beng |
||
| 041 |
_2eng _aeng |
||
| 082 | _aZ1N48, k8 | ||
| 100 |
_aWilson Robert R. Au. _9689096 |
||
| 245 | 0 | _aInternational and comparative law of the commonwealth | |
| 260 |
_aLondon _bDuke University Press England _c1968 |
||
| 300 |
_a247p _ccm. |
||
| 942 |
_hZ1N48, k8 _cTEXL _2CC |
||
| 999 |
_c1143822 _d1143822 |
||